| 000 | 00000nam 2200000zi 4500 |
| 001 | 9.936338 |
| 003 | CaOODSP |
| 005 | 20240412093840 |
| 006 | m o d f |
| 007 | cr cn||||||||| |
| 008 | 240404s2013####onca o f|0| 0 fre d |
| 040 | |aCaOODSP|bfre|erda|cCaOODSP |
| 043 | |an-cn--- |
| 086 | 1 |aEn4-571/2F-PDF |
| 245 | 00|aChangements climatiques : |bCanada atlantique. |
| 264 | 1|a[Ottawa] : |bGouvernement du Canada = Government of Canada, |c[2013] |
| 300 | |a1 ressource en ligne (4 pages non numérotées) : |billustrations |
| 336 | |atexte|btxt|2rdacontent/fre |
| 337 | |ainformatique|bc|2rdamedia/fre |
| 338 | |aressource en ligne|bcr|2rdacarrier/fre |
| 500 | |aTitre de la couverture. |
| 500 | |aPublié par Environnement Canada. |
| 500 | |aÉdition numérisée de l’imprimé [par Environnement et changement climatique Canada]. |
| 520 | |a« Aux dires des scientifiques, le climat a toujours connu des changements. En quoi les changements climatiques actuels sont-ils donc différents de ceux des autres périodes de l’histoire de la Terre ? Pour comprendre ce qui se passe, il faut comprendre ce qu’est l’effet de serre. Comme une serre, les gaz présents dans notre atmosphère, y compris la vapeur d’eau, le bioxyde de carbone, le méthane et l’oxyde nitreux, retiennent la chaleur du soleil sur notre planète, contribuant à en faire un lieu habitable » -- Page [1]. |
| 650 | 6|aClimat|xChangements|zCanada. |
| 650 | 6|aClimat|xChangements|zProvinces de l'Atlantique. |
| 650 | 0|aClimatic changes|zCanada. |
| 650 | 0|aClimatic changes|zAtlantic Provinces. |
| 710 | 1 |aCanada. |bEnvironnement Canada, |eorganisme de publication. |
| 856 | 40|qPDF|s3.02 Mo|uhttps://publications.gc.ca/collections/collection_2024/eccc/en4/En4-571-2-fra.pdf |